[Event "Principal 2023/2024"]
[Site "Vitrolles"]
[Date "17.02.2024"]
[Round "7"]
[White "Derige Kane, Yan"]
[Black "Busson, Benoit"]
[Result "1-0"]
[WhiteElo "2223"]
[BlackElo "1819"]
[PlyCount "129"]

1. e4 e5 2. Nf3 Nc6 3. Bb5 a6 4. Ba4 d6 5. O-O Bd7 6. c3 g6 7. d4 Bg7 8. Bg5
Nge7 9. dxe5 Nxe5 10. Nxe5 dxe5 11. Bb3 f6 12. Qf3 Nc6 13. Rd1 Qe7 14. Be3 Na5
15. Nd2 Nxb3 16. Nxb3 b6 17. Qe2 Be6 18. c4 c5 19. Nd2 a5 20. Nb1 O-O 21. Nc3
Rfd8 22. Nd5 Bxd5 23. Rxd5 Rxd5 24. cxd5 Qd7 25. Rc1 Bf8 26. Rc3 Qa4 27. Qc2
Qxc2 28. Rxc2 Bd6 29. a4 Kf7 30. Kf1 h5 31. Ke2 Ke7 32. Kd3 Kd7 33. Kc4 Kc7 34.
Rc3 h4 35. Bd2 g5 36. Rh3 Be7 37. Bc3 Kd6 38. Rf3 Rf8 39. Rf5 Rh8 40. Kb5 Bd8
41. f3 Rh7 42. g3 hxg3 43. hxg3 Rh6 44. Kc4 Be7 45. f4 gxf4 46. gxf4 exf4 47.
Rxf4 Kd7 48. Kb5 Bd8 49. Rg4 Rh7 50. Rg6 Rf7 51. Rh6 Kd6 52. Kc4 Kd7 53. Kb5
Kd6 54. Rg6 Kd7 55. Rg8 Bc7 56. Rh8 Bd8 57. Rh5 Bc7 58. Ka6 Bd8 59. Rf5 Ke7 60.
Kb7 Kd6+ 61. Kc8 Rf8 62. Be5+ Ke7 63. Bxf6+ Rxf6 64. Rxf6 Kxf6 65. Kxd8 1-0

[Event "Principal 2023/2024"]
[Site "Vitrolles"]
[Date "17.02.2024"]
[Round "7"]
[White "Rasolo, Loick"]
[Black "Pinto, Axel"]
[Result "1-0"]
[WhiteElo "2016"]
[BlackElo "1953"]
[PlyCount "45"]

1. c4 Nf6 2. Nc3 e6 3. e4 Bb4 4. e5 Bxc3 5. bxc3 Ng8 6. Qg4 Kf8 7. Ba3+ Ne7 8.
Nf3 d6 9. d4 Na6 10. Rd1 h5 11. exd6 hxg4 12. dxe7+ Qxe7 13. Bxe7+ Kxe7 14. Ne5
Rh5 15. Be2 f5 16. h3 Rh6 17. Kd2 gxh3 18. Rxh3 Rxh3 19. gxh3 Bd7 20. Bf3 c6
21. Rg1 Rg8 22. h4 Be8 23. Rb1 1-0

[Event "Principal 2023/2024"]
[Site "Vitrolles"]
[Date "23.03.2024"]
[Round "8"]
[White "Roganova, Maxime"]
[Black "Fabet, Olivier"]
[Result "1-0"]
[WhiteElo "1947"]
[BlackElo "1779"]
[PlyCount "45"]

1. e4 c5 2. Nf3 d6 3. d4 cxd4 4. Nxd4 Nf6 5. Nc3 Nc6 6. Bg5 e6 7. Qd2 a6 8.
O-O-O Be7 9. Kb1 Bd7 10. f4 e5 11. Nf5 Bxf5 12. exf5 Qa5 13. Bc4 O-O 14. g4
exf4 15. Qxf4 Qe5 16. Qf3 Rac8 17. Rhe1 Qc5 18. Bb3 Ne5 19. Qg3 Rfe8 20. Bxf6
gxf6 21. g5 fxg5 22. f6 Bxf6 23. Ne4 1-0

[Event "Principal 2023/2024"]
[Site "Vitrolles"]
[Date "23.03.2024"]
[Round "8"]
[White "Tiran, Baptiste"]
[Black "Nobili, Denis"]
[Result "1/2-1/2"]
[WhiteElo "1856"]
[BlackElo "1865"]
[PlyCount "76"]

1. e4 e5 2. Nf3 Nc6 3. Nc3 Nf6 4. d4 exd4 5. Nd5 Be7 6. Nxd4 O-O 7. Nxc6 bxc6
8. Nxf6+ Bxf6 9. Bd3 d6 10. O-O a5 11. a3 Re8 12. Rb1 c5 13. c3 a4 14. f4 Ba6
15. g4 h6 16. Rf3 Qc8 17. h3 Bxd3 18. Qxd3 Qb7 19. g5 hxg5 20. fxg5 Be5 21. Qc4
Qb3 22. Qe2 Qa2 23. Qc2 g6 24. Bf4 Bg7 25. Rbf1 Re7 26. R1f2 Qb3 27. Qd3 Rae8
28. Re3 d5 29. exd5 Rxe3 30. Bxe3 Re5 31. Rd2 Rf5 32. h4 c4 33. Qe4 Re5 34. Qf3
Rf5 35. Qe2 Qb5 36. Qd1 Be5 37. Qg4 Bg7 38. Qe4 Re5 1/2-1/2

[Event "Principal 2023/2024"]
[Site "Vitrolles"]
[Date "23.03.2024"]
[Round "8"]
[White "Urcun, Gael"]
[Black "Hileyan, Michel"]
[Result "1-0"]
[WhiteElo "1856"]
[BlackElo "1869"]
[PlyCount "63"]

1. e4 d5 2. exd5 Nf6 3. d4 Bg4 4. f3 Bf5 5. g4 Bg6 6. c4 e6 7. Nc3 exd5 8. g5
Nfd7 9. cxd5 Be7 10. f4 O-O 11. Bh3 f6 12. Be6+ Bf7 13. Qg4 Bb4 14. Nge2 Qe8
15. f5 c6 16. Rg1 Bxe6 17. dxe6 Bxc3+ 18. bxc3 Nb6 19. gxf6 g6 20. f7+ Rxf7 21.
exf7+ Qxf7 22. fxg6 hxg6 23. Qxg6+ Qxg6 24. Rxg6+ Kh7 25. Rg3 N8d7 26. Be3 Re8
27. Kf2 Nf6 28. Rh3+ Kg8 29. Rg1+ Kf7 30. Rf3 Ke6 31. Rg6 Nbd7 32. Bg5 1-0

[Event "Principal 2023/2024"]
[Site "Vitrolles"]
[Date "23.03.2024"]
[Round "8"]
[White "Pinto, Axel"]
[Black "Derige Kane, Yan"]
[Result "0-1"]
[WhiteElo "1948"]
[BlackElo "2252"]
[PlyCount "62"]

1. Nf3 d5 2. g3 b6 3. Bg2 Bb7 4. d4 Nf6 5. c4 dxc4 6. Qa4+ Nbd7 7. Qxc4 e6 8.
Nc3 c5 9. O-O Rc8 10. Qa4 a6 11. dxc5 Bxc5 12. Rd1 b5 13. Qh4 Qb6 14. e3 O-O
15. b4 Be7 16. Bb2 Rc4 17. Rd4 Bxf3 18. Bxf3 Ne5 19. Bg2 Ng6 20. Qh3 Rxd4 21.
exd4 Qxd4 22. a3 Qd2 23. Rb1 Rc8 24. Bb7 Rxc3 25. Bxc3 Qxc3 26. Qf1 Qxa3 27.
Qc1 Qd3 28. Bxa6 Ne5 29. Bb7 h5 30. Qf1 Qf5 31. Kg2 h4 0-1

[Event "Principal 2023/2024"]
[Site "Vitrolles"]
[Date "23.03.2024"]
[Round "8"]
[White "Busson, Benoit"]
[Black "Rasolo, Loick"]
[Result "0-1"]
[WhiteElo "1899"]
[BlackElo "2005"]
[PlyCount "80"]

1. e4 c5 2. b4 cxb4 3. a3 d5 4. exd5 Nf6 5. axb4 Qxd5 6. Nc3 Qe5+ 7. Qe2 Qxe2+
8. Bxe2 Nc6 9. b5 Nb4 10. Bd1 Bf5 11. d3 g6 12. Nge2 Bg7 13. Ba3 Nbd5 14. Rb1
O-O 15. O-O Rfc8 16. Nxd5 Nxd5 17. Bb2 Bxb2 18. Rxb2 a5 19. bxa6 bxa6 20. Nd4
Nc3 21. Bf3 Rab8 22. Rxb8 Rxb8 23. Nc6 Rb2 24. Nxe7+ Kf8 25. Nxf5 gxf5 26. g4
fxg4 27. Bxg4 Rxc2 28. Ra1 Na2 29. Kf1 a5 30. Ke1 Ke7 31. Bf5 h6 32. d4 Rb2 33.
Rd1 Kf6 34. Bd3 Nb4 35. Be4 a4 36. d5 Ke5 37. Bh1 Kd6 38. Be4 a3 39. h4 a2 40.
f3 f5 0-1

[Event "Principal 2023/2024"]
[Site "Vitrolles"]
[Date "7.12.08"]
[Round "9"]
[White "Nobili, Denis"]
[Black "Urcun, Gael"]
[Result "1/2-1/2"]
[WhiteElo "1865"]
[BlackElo "1856"]
[PlyCount "63"]

1. d4 Nf6 2. c4 g6 3. Nc3 Bg7 4. e4 d6 5. Nf3 O-O 6. Be2 e5 7. dxe5 dxe5 8.
Qxd8 Rxd8 9. Bg5 Re8 10. O-O-O c6 11. Nxe5 Nxe4 12. Nxe4 Bxe5 13. Nf6+ Bxf6 14.
Bxf6 Nd7 15. Rxd7 Bxd7 16. Bf3 Bf5 17. Rd1 Re6 18. Bc3 Rae8 19. b4 Be4 20. Bg4
f5 21. Bh3 c5 22. a3 b6 23. Rd7 R6e7 24. Rd6 Ba8 25. g4 f4 26. g5 Bf3 27. Bd7
Re1+ 28. Bxe1 Rxe1+ 29. Kc2 Re2+ 30. Rd2 Re1 31. Rd6 Re2+ 32. Rd2 1/2-1/2

[Event "Principal 2023/2024"]
[Site "Vitrolles"]
[Date "7.12.08"]
[Round "9"]
[White "Hileyan, Michel"]
[Black "Tiran, Baptiste"]
[Result "1/2-1/2"]
[WhiteElo "1869"]
[BlackElo "1856"]
[PlyCount "39"]

1. d4 d5 2. Bf4 e6 3. e3 Bd6 4. Bg3 c5 5. c3 Qc7 6. Bxd6 Qxd6 7. Nf3 Nd7 8.
Nbd2 Ngf6 9. Bd3 e5 10. dxe5 Nxe5 11. Nxe5 Qxe5 12. Nf3 Qc7 13. h3 O-O 14. O-O
b6 15. Qc2 Bb7 16. Be2 Rad8 17. Rad1 Rfe8 18. Rfe1 h6 19. Nd2 Nd7 20. Nf1
1/2-1/2

[Event "Principal 2023/2024"]
[Site "Vitrolles"]
[Date "7.12.08"]
[Round "9"]
[White "Derige Kane, Yan"]
[Black "Pinto, Axel"]
[Result "1-0"]
[WhiteElo "2252"]
[BlackElo "1948"]
[PlyCount "31"]

1. e4 e5 2. Nf3 Nc6 3. Bc4 Nf6 4. d3 Bc5 5. O-O d6 6. c3 a6 7. Bg5 h6 8. Bh4
Ba7 9. Nbd2 g5 10. Bg3 Bg4 11. Qb3 Qd7 12. Qxb7 Ke7 13. Bd5 Na5 14. Qb4 Nxd5
15. exd5 Bxf3 16. Nxf3 1-0

[Event "Principal 2023/2024"]
[Site "Vitrolles"]
[Date "7.12.08"]
[Round "9"]
[White "Rasolo, Loick"]
[Black "Busson, Benoit"]
[Result "1-0"]
[WhiteElo "2005"]
[BlackElo "1899"]
[PlyCount "87"]

1. Nf3 Nc6 2. d4 d5 3. Bf4 Bg4 4. e3 e6 5. Nbd2 Bd6 6. Bg3 Nf6 7. Bh4 Be7 8.
Bb5 O-O 9. h3 Bh5 10. g4 Bg6 11. Bxf6 Bxf6 12. h4 Nb4 13. Ba4 b5 14. Bb3 c5 15.
a3 Nc6 16. c3 cxd4 17. exd4 e5 18. g5 exd4 19. gxf6 Bd3 20. Nf1 Re8+ 21. Ne3
Be4 22. cxd4 Qxf6 23. Rh3 Bxf3 24. Qxf3 Qxf3 25. Rxf3 Nxd4 26. Bxd5 Nc2+ 27.
Kd2 Nxa1 28. Bxf7+ Kh8 29. Bxe8 Rxe8 30. Kc3 g6 31. b4 a5 32. bxa5 Re4 33. Kb2
Ra4 34. Nd5 Rxa5 35. Kxa1 Ra4 36. Nb4 Ra7 37. Kb2 Rd7 38. Rf4 Kg7 39. Kb3 Rd1
40. Na2 Rb1+ 41. Kc2 Rg1 42. Nc3 g5 43. hxg5 Rxg5 44. Kb3 1-0